000 00309nam a22001217a 4500
082 _a342.06
_bZAF
100 _aZafar, Emmanuel
245 _aAdministrative Law /
_cEmmanuel Zafar
260 _aLahore :
_bKhyber Law Publishers,
_cN.A.
300 _a254 p. ;
_c24 cm.
563 _aHB.
942 _2ddc
_cBK
999 _c616048
_d616048